Effectif du Paris Saint-Germain 24/25 (Images) - Statistiques

Statistiques générales
  • Ce quiz a été pris 176 fois
  • Le résultat moyen est 18 sur 19
Statistiques - réponses
Hint Réponse % Correct

Bradley Barcola
99%

Lee Kang-in
99%

Presnel Kimpembe
99%

Achraf Hakimi
98%

Gianluigi Donnarumma
98%

Khvicha Kvaratskhelia
98%

Marquinhos
98%

Ousmane Dembélé
98%

Désiré Doué
97%

Fabián Ruiz
97%

Gonçalo Ramos
97%

Vitinha
97%

Warren Zaïre-Emery
97%

João Neves
95%

Lucas Hernandez
95%

Matveï Safonov
95%

Nuno Mendes
95%

Senny Mayulu
95%

Arnau Tenas
92%
Aucun quiz correspondant
Distribution des résultats
% des personnes avec chaque résultat
Percentile par nombre de réponses
Votre historique - résultats
Vous n’avez pas pris ce quiz